| 000 | 00792nam a2200253 a 4500 | ||
|---|---|---|---|
| 001 | BRCA_7819 | ||
| 005 | 20190320210018.0 | ||
| 008 | 171013s1963----it-a######---#000-0#ita-# | ||
| 041 | _aita | ||
| 044 | _ait | ||
| 050 | 4 |
_aNK480 _b.M67 1963 |
|
| 100 | 1 |
_aMorassi, Antonio _919367 |
|
| 245 | 1 | 0 |
_aIl tesoro dei Medici _bOreficerie, Argenterie, Pietre Dure _cdi Antonio Morassi. |
| 260 |
_aMilán _bSilvana _cc1963 |
||
| 300 |
_aiv, 41 p. _bil. (algunas a color), 64 láminas _c32 cm. |
||
| 500 | _aY12 | ||
| 600 | 1 | 4 |
_aMedicis, Familia _919368 |
| 650 | 1 | 4 |
_aArte _zFlorencia _919369 |
| 650 | 1 | 4 |
_aOrfebrería _xColecciones particulares _919370 |
| 650 | 1 | 4 |
_aPlatería _xColecciones particulares _99230 |
| 650 | 1 | 4 |
_aArte _xColecciones y coleccionistas _919371 |
| 902 | _aGFM | ||
| 942 |
_2lcc _cB |
||
| 999 |
_c7493 _d7493 |
||